[Event "Match"]
[Site "www.echecsemail.com"]
[Date "2018.06.08"]
[Round "1"]
[White "Redapond1"]
[Black "Lug47"]
[WhiteElo "1520"]
[BlackElo "1570"]
[Result "0-1"]
[Round "1"]
1.d4 d5
2.Bc1f4 Nb8c6
3.Nb1c3 Ng8f6
4.Ng1f3 e5
5.dxe5 d4
6.exf6 Qd8xf6
7.Bf4g5 Qf6f5
 { time }
0-1

[Event "Match"]
[Site "www.echecsemail.com"]
[Date "2018.06.08"]
[Round "1"]
[White "Joaodelisboa"]
[Black "Jopesilo"]
[WhiteElo "2150"]
[BlackElo "2310"]
[Result "1-0"]
[Round "1"]
1.e4 e5
2.Ng1f3 Ng8f6
3.Nb1c3 d6
4.h3 Bf8e7
5.Bf1c4 O-O
6.O-O b6
7.d3 Bc8a6
8.Bc4b3 Nb8c6
9.Nc3d5 Nc6a5
10.Nd5xe7 Qd8xe7
11.Bc1g5 Na5xb3
12.axb3 Ba6b7
13.Nf3h4 Qe7e6
14.Nh4f5 h6
15.Bg5e3 d5
16.f3 Rf8d8
17.Qd1e2 c5
18.Nf5g3 a5
19.Rf1d1 d4
20.Be3d2 Ra8a7
21.b4 a4
22.bxc5 bxc5
23.Ra1a3 Bb7c6
24.b3 Rd8a8
25.Rd1a1 Qe6d7
26.Qe2d1 Bc6b5
27.c4 Bb5c6
28.bxa4 Ra7xa4
29.Ra3xa4 Ra8xa4
30.Ra1xa4 Bc6xa4
31.Qd1c1 Qd7c6
32.Ng3f5 Kf8
33.Qc1a3 Nf6g8
34.f4 g6
35.Nf5h4 exf4
36.Nh4f3 Ba4d1
37.Nf3e5 Qc6c8
38.Bd2xf4 g5
39.Qa3a7 Ng8e7
40.Bf4c1 Ke8
41.Bc1a3 Bd1c2
42.Ba3xc5 Qc8e6
43.Qa7b8 Ne7c8
44.Qb8b5 Kd8
45.Ne5c6 Kc7
46.Nc6xd4 { resign }
1-0

[Event "Match"]
[Site "www.echecsemail.com"]
[Date "2018.06.08"]
[Round "1"]
[White "Rindrandria"]
[Black "Ranjachess"]
[WhiteElo "1730"]
[BlackElo "1870"]
[Result "0-1"]
[Round "1"]
1.e4 Nb8c6
2.d4 d5
3.e5 a6
4.c4 e6
5.c5 Ng8e7
6.Bc1e3 Ne7f5
7.Ng1h3 Qd8h4
8.Be3f4 Nf5xd4
9.g3 Qh4e7
10.Nb1d2 Qe7xc5
11.Ra1c1 Qc5a5
12.a3 Bc8d7
13.b4 Qa5xa3
14.b5 Nc6b4
15.Nd2b1 Qa3a5
16.Bf4d2 Bd7xb5
17.Bf1xb5 Qa5xb5
18.Nb1c3 Qb5d3
19.Qd1a4 b5
20.Nh3f4 bxa4
21.Nf4xd3 Nb4xd3
22.Kf1 Nd3xc1
23.Bd2xc1 a3
24.Kg2 Bf8b4
25.Nc3a2 c5
26.Rh1d1 O-O
27.Na2xb4 Nd4b3
28.Nb4a2 Nb3xc1
29.Na2xc1 Rf8b8
30.Nc1e2 Rb8b2
31.Rd1a1 Ra8b8
32.Ra1xa3 Rb2xe2
33.Ra3xa6 Re2xe5
34.f4 Re5e2
35.Kh3 c4
36.Ra6c6 g6
37.g4 f6
38.f5 Rb8b3
39.Kh4 Re2xh2

0-1

[Event "Match"]
[Site "www.echecsemail.com"]
[Date "2018.06.08"]
[Round "1"]
[White "Caspito"]
[Black "Darknight"]
[WhiteElo "1930"]
[BlackElo "1870"]
[Result "1-0"]
[Round "1"]
1.e4 e5
2.Ng1e2 Bf8c5
3.d4 exd4
4.Ne2xd4 Qd8f6
5.Bc1e3 Nb8c6
6.c3 b6
7.Bf1b5 a6
8.Bb5xc6 dxc6
9.O-O Bc8d7
10.Nb1d2 Ng8e7
11.Qd1f3 Qf6xf3
12.Nd2xf3 f6
13.Ra1e1 O-O-O
14.b4 Bc5d6
15.a3 h6
16.a4 Bd7g4
17.Nf3h4 g5
18.Nh4f5 Bg4xf5
19.Nd4xf5 Ne7xf5
20.exf5 Rd8g8
21.a5 Kb7
22.Be3d4 Rg8f8
23.Re1e6 Bd6e5
24.axb6 cxb6
25.Bd4xe5 fxe5
26.Re6xe5 b5
27.g4 h5
28.f3 hxg4
29.fxg4 Rh8h4
30.Re5e4 Rf8h8
31.Re4e2 Rh4xg4
32.Kh1 Rg4h4
33.f6 Kb6
34.f7 Rh4f4
35.Rf1xf4 gxf4
36.Re2e8 Rh8h3
37.f8Q Rh3f3
38.Qf8c5 Kb7
39.Re8e7 Kc8
40.Qc5xc6 { resign }
1-0

[Event "Match"]
[Site "www.echecsemail.com"]
[Date "2018.06.08"]
[Round "1"]
[White "Sagara1977"]
[Black "Azulmarino"]
[WhiteElo "1470"]
[BlackElo "1680"]
[Result "1-0"]
[Round "1"]
1.e4 e5
2.Qd1f3 Ng8f6
3.Bf1c4 Nb8c6
4.Nb1c3 Bf8c5
5.Ng1e2 a6
6.d4 exd4
7.Nc3d5 Nc6e5
8.Qf3b3 Nf6xe4
9.f3 Ne4d6
10.Bc1f4 Ne5g6
11.O-O-O c6
12.Bf4xd6 Bc5xd6
13.Nd5b6 c5
14.Nb6xa8 O-O
15.Na8b6 Ng6f4
16.Ne2xf4 Bd6xf4
17.Kb1 Qd8e8
18.Rh1e1 Qe8d8
19.Nb6d5 Kh8
20.Nd5xf4 Qd8f6
21.Re1e4 b5
22.Bc4d5 d6
23.Rd1e1 c4
24.Qb3b4 Bc8f5
25.Re4e7 d3
26.cxd3 cxd3
27.Qb4d2 Kg8
28.Nf4xd3 b4
29.Qd2e3 h6
30.Re7e8 Bf5d7
31.Re8xf8 Kxf8
32.Qe3e4 g6
33.Nd3xb4 Bd7f5
34.Nb4xa6 Bf5xe4
35.Re1xe4 Kg7
36.Na6c7 Kh7
37.b3 Qf6c3
38.Re4c4 Qc3d2
39.Rc4c2 Qd2f4
40.h3 h5
41.Nc7b5 Qf4f5
42.Bd5c4 d5
43.Bc4e2 g5
44.a4 g4
45.fxg4 hxg4
46.hxg4 Qf5f2
47.Be2d3 Kh6
48.Rc2xf2 { resign }
1-0

[Event "1/8 Finale"]
[Site "www.chess-mail.com"]
[Date "2018.06.08"]
[Round "1"]
[White "Seger"]
[Black "Nimzo"]
[WhiteElo "2770"]
[BlackElo "2870"]
[Result "1/2-1/2"]
[Round "1"]
1.Ng1f3 d5
2.d4 Ng8f6
3.c4 e6
4.cxd5 exd5
5.Nb1c3 c6
6.Bc1f4 Bc8f5
7.e3 Nb8d7
8.h3 Bf8e7
9.g4 Bf5g6
10.Nf3h4 Bg6e4
11.Rh1g1 O-O
12.a3 Nf6e8
13.Nc3xe4 Be7xh4
14.Ne4c3 Bh4g5
15.Bf4g3 Bg5h4
16.Bf1d3 g6
17.Qd1f3 Bh4xg3
18.Qf3xg3 Nd7b6
19.h4 Ne8d6
20.b3 Rf8e8
21.Kf1 Nd6e4
22.Nc3xe4 dxe4
23.Bd3e2 Nb6d5
24.Be2c4 b5
25.Bc4xd5 cxd5
26.Kg2 Ra8c8
27.g5 f6
28.Rg1c1 Re8f8
29.Qg3g4 fxg5
30.Qg4xc8 Qd8xc8
31.Rc1xc8 Rf8xc8
32.hxg5 a5
33.Kg3 a4
34.bxa4 bxa4
35.Ra1b1 Rc8f8
36.Rb1b4 Rf8f5
37.Rb4xa4 { draw }
1/2-1/2

[Event "1/64 Finale"]
[Site "www.chess-mail.com"]
[Date "2018.06.08"]
[Round "1"]
[White "Ff333"]
[Black "Amaya"]
[WhiteElo "2050"]
[BlackElo "2170"]
[Result "1-0"]
[Round "1"]
1.e4 e6
2.d4 d5
3.e5 c5
4.Ng1e2 Nb8c6
5.g3 cxd4
6.f4 Bf8b4
7.Bc1d2 Qd8b6
8.b3 Ng8e7
9.a3 Bb4xd2
10.Qd1xd2 Ne7f5
11.Qd2d3 Qb6a5
12.Qd3d2 Qa5b6
13.Bf1h3 Nf5e3
14.a4 Qb6c5
15.Nb1a3 a6
16.b4 Nc6xb4
17.Ne2xd4 Qc5xd4
18.Ke2 Qd4xd2
19.Kxd2 Ne3c4
20.Na3xc4 dxc4
21.Kc3 a5
22.Rh1c1 b6
23.Kxc4 Bc8a6
24.Kb3 Ra8c8
25.c3 Nb4d5
26.f5 exf5
27.Bh3xf5 Rc8c7
28.e6 Ba6c4
29.Kb2 O-O
30.exf7 Rc7xf7
31.Bf5e6 Kh8
32.Be6xf7 Rf8xf7
33.Rc1c2 Rf7f3
34.Ra1e1 Rf3e3
35.Re1d1 h6
36.Rd1d4 Nd5b4
37.cxb4 Re3b3
38.Kc1 Bc4d3
39.Rc2c8 Kh7
40.bxa5 bxa5
41.Rc8a8 Bd3e2
42.Ra8xa5 Be2f3
43.Ra5a7 Rb3e3
44.Rd4d7 Re3e1
45.Kd2 Re1d1
46.Ke3 Rd1xd7
47.Ra7xd7 Bf3c6
48.Rd7d4 h5
49.a5 g6
50.a6 Kh6
51.a7 Kg5
52.h3 Bc6g2
53.h4 Kh6
54.Rd4d8 { resign }
1-0

[Event "Tourn. n9795"]
[Site "www.chess-mail.com"]
[Date "2018.06.09"]
[Round "1"]
[White "Conde7"]
[Black "Sociopath"]
[WhiteElo "2820"]
[BlackElo "2630"]
[Result "1/2-1/2"]
[Round "1"]
1.a3 e5
2.c4 g6
3.Nb1c3 Bf8g7
4.g3 Ng8e7
5.Bf1g2 d6
6.e3 c6
7.Ng1e2 Bc8e6
8.d3 h5
9.h4 O-O
10.O-O Rf8e8
11.e4 d5
12.exd5 cxd5
13.Bc1g5 f6
14.Bg5c1 dxc4
15.Bg2xb7 Nb8c6
16.Bb7xa8 Qd8xa8
17.dxc4 Re8d8
18.Qd1c2 Be6f5
19.Qc2a4 Bf5h3
20.Nc3d5 Bh3xf1
21.Kxf1 Ne7xd5
22.cxd5 Nc6e7
23.Ne2c3 Ne7xd5
24.Qa4c4 Kh7
25.Nc3xd5 Rd8xd5
26.Bc1e3 Rd5d7
27.Ra1c1 Qa8f3
28.Kg1 f5
29.Qc4e6 Rd7d3
30.Kh2 Rd3xe3
31.fxe3 { draw }
1/2-1/2

[Event "Match"]
[Site "www.echecsemail.com"]
[Date "2018.06.09"]
[Round "1"]
[White "Pinehill"]
[Black "Tonino1"]
[WhiteElo "2060"]
[BlackElo "1950"]
[Result "1-0"]
[Round "1"]
1.e4 d6
2.d4 Ng8f6
3.Bf1d3 c6
4.Ng1f3 Qd8c7
5.c4 e5
6.Bc1e3 Bf8e7
7.Nb1c3 O-O
8.h3 a5
9.O-O Bc8d7
10.Qd1c2 Nb8a6
11.a3 Nf6h5
12.g4 Nh5f4
13.Be3xf4 exf4
14.e5 g6
15.Rf1e1 Ra8c8
16.Nc3e4 d5
17.Ne4f6 Be7xf6
18.exf6 Rf8e8
19.c5 Re8e6
20.g5 Rc8e8
21.Nf3e5 Bd7c8
22.h4 Qc7d8
23.h5 Na6b8
24.hxg6 hxg6
25.b4 Nb8d7
26.Qc2d2 Nd7xe5
27.dxe5 Re6xe5
28.Re1xe5 Re8xe5
29.Qd2xf4 Qd8c7
30.Qf4h4 Qc7d8
31.Kg2 axb4
32.axb4 Qd8e8
33.Ra1h1  { time }
1-0

[Event "Tourn. n9842"]
[Site "www.echecsemail.com"]
[Date "2018.06.09"]
[Round "1"]
[White "Juheset"]
[Black "Piekki"]
[WhiteElo "2030"]
[BlackElo "2250"]
[Result "0-1"]
[Round "1"]
1.e3 d5
2.d4 Ng8f6
3.Ng1f3 g6
4.Nb1c3 Bf8g7
5.Bf1d3 Bc8g4
6.h3 Bg4xf3
7.Qd1xf3 c6
8.Bc1d2 Nb8d7
 { time }
0-1

[Event "Tourn. n9819"]
[Site "www.echecsemail.com"]
[Date "2018.06.09"]
[Round "1"]
[White "Kevinking"]
[Black "Claudia"]
[WhiteElo "1870"]
[BlackElo "1960"]
[Result "1-0"]
[Round "1"]
1.e4 e5
2.Ng1f3 Nb8c6
3.Bf1c4 Ng8f6
4.d4 exd4
5.e5 d5
6.Bc4b5 Nf6e4
7.Nf3xd4 Bc8d7
8.Bb5xc6 bxc6
9.Nd4b3 Bf8e7
10.O-O O-O
11.Nb1d2 f5
12.f3 Ne4c5
13.Kh1 Nc5e6
14.f4 g5
15.Nd2b1 g4
16.Nb1c3 h5
17.Bc1e3 a5
18.Nc3a4 Qd8b8
{ time. }
1-0

[Event "Tourn. n9830"]
[Site "www.echecsemail.com"]
[Date "2018.06.09"]
[Round "1"]
[White "Bojan"]
[Black "Tonino1"]
[WhiteElo "2000"]
[BlackElo "2150"]
[Result "1-0"]
[Round "1"]
1.b4 d6
2.c4 Ng8f6
3.e3 g6
4.Bc1b2 Bf8g7
5.h3 O-O
6.Qd1c2 c6
7.Bf1e2 Qd8c7
8.Ng1f3 e5
9.e4 h6
10.Nf3h2 Bc8e6
11.d3 Qc7d7
12.Qc2d2 Kh7
13.Nb1a3 Nb8a6
14.Bb2c3 h5
15.f4 exf4
16.Qd2xf4 Qd7e7
17.Nh2f3 Na6c7
18.g4 Nc7e8
19.Kd2 Nf6d7
20.d4 Bg7h6
21.g5 Bh6g7
22.Be2d3 f6
23.Qf4h4 fxg5
24.Nf3xg5 Qe7xg5
25.Qh4xg5 Bg7h6
26.Qg5xh6 Kxh6
27.Ke2 Ne8g7
28.Ra1g1 Rf8f7
29.d5 cxd5
30.cxd5 Ra8e8
31.Bc3d2 Kh7
32.Kd1 Nd7e5
33.dxe6 Ng7xe6
34.Bd3c2 Ne6d4
35.Bc2b1 Rf7f3
36.Na3c2 Nd4xc2
37.Bb1xc2 Ne5c4
38.Bd2g5 b5
39.Rg1g2  { time }
1-0

[Event "Match"]
[Site "www.echecsemail.com"]
[Date "2018.06.09"]
[Round "1"]
[White "Calponas"]
[Black "Lcbunghai"]
[WhiteElo "2090"]
[BlackElo "2020"]
[Result "0-1"]
[Round "1"]
1.e4 c5
2.Ng1f3 d6
3.d4 cxd4
4.Qd1xd4 Qd8c7
5.c4 Nb8c6
6.Qd4d1 Ng8f6
7.Nb1c3 a6
8.Bf1e2 g6
9.Bc1g5 Bf8g7
10.O-O O-O
11.Qd1d2 Bc8g4
12.Ra1c1 Ra8c8
13.Rf1d1 Rf8e8
14.h3 Bg4xf3
15.Be2xf3 Qc7b8
16.b3 Nc6e5
17.Bf3e2 Ne5c6
18.g3 Rc8d8
19.Bg5h6 Nf6d7
20.Bh6xg7 Kxg7
21.Kg2 Nd7f8
22.f4 e6
23.Qd2e3 Nc6e7
24.h4 Ne7c8
25.Qe3f3 Qb8a7
26.h5 f5
27.g4 b6
28.exf5 exf5
29.gxf5 gxf5
30.Be2d3 Qa7f7
31.Bd3xf5 Qf7xf5
32.Rd1d5 Qf5f6
33.Kh2 Qf6h4
34.Kg2 Qh4f6
35.Qf3g4 Kh8
36.Rd5f5 Qf6g7
37.Rf5g5 Qg7f7
38.Rc1g1 Nf8e6
39.Kh2 Ne6xg5
40.fxg5 Qf7e6
41.Nc3d5 Qe6e2
42.Kh3 Qe2xg4
43.Rg1xg4 Re8e2
44.g6 hxg6
45.hxg6 Kg7
46.Rg4h4 Rd8h8
47.Rh4xh8 Kxh8
48.Kh4 Kg7
49.a4 b5
50.axb5 axb5
51.Nd5c3 Re2b2
52.Nc3xb5 Rb2xb3
53.Nb5d4 Rb3b4
{ resign }
0-1

[Event "Tourn. n9837"]
[Site "www.echecsemail.com"]
[Date "2018.06.09"]
[Round "1"]
[White "Hundegana"]
[Black "Juheset"]
[WhiteElo "2060"]
[BlackElo "2010"]
[Result "1-0"]
[Round "1"]
1.c4 c5
2.Nb1c3 Nb8c6
3.e3 Ng8f6
4.Ng1f3 e6
5.h3 d6
6.Bf1d3 g6
7.O-O Bf8e7
8.a3 a6
9.Rf1e1 Bc8d7
10.Ra1b1 Ra8b8
11.b3 e5
12.Nf3h2  { time }
1-0

[Event "Tourn. n9838"]
[Site "www.echecsemail.com"]
[Date "2018.06.09"]
[Round "1"]
[White "Julian"]
[Black "Fantomas"]
[WhiteElo "1880"]
[BlackElo "2080"]
[Result "0-1"]
[Round "1"]
1.d4 d5
2.c4 e6
3.Nb1c3 Ng8f6
4.Bc1g5 c6
5.e3 Bf8e7
6.cxd5 exd5
7.Bf1d3 h6
8.Bg5h4 Bc8e6
9.f4 O-O
10.Ng1f3 { time. }
0-1

[Event "Match"]
[Site "www.echecsemail.com"]
[Date "2018.06.09"]
[Round "1"]
[White "Guillaumefi"]
[Black "Pablincho"]
[WhiteElo "1710"]
[BlackElo "1859"]
[Result "1-0"]
[Round "1"]
1.c4 e6
2.g3 d5
3.e3 Ng8f6
4.d3 c5
5.Bf1g2 Nb8c6
6.cxd5 Nf6xd5
7.a3 a5
8.Ng1e2 Bf8d6
9.Nb1c3 Nd5e7
10.e4 h6
11.Nc3b5 O-O
12.Nb5xd6 Qd8xd6
13.Bc1f4 e5
14.Bf4e3 f5
15.Ra1c1 b6
16.Qd1b3 Qd6e6
17.Qb3xb6 Bc8a6
18.exf5 Qe6xf5
19.Bg2xc6 Rf8f6
20.Qb6xc5 Ne7xc6
21.Qc5d5 Kh7
22.Rc1xc6 Ra8b8
23.Rc6xf6 Qf5xf6
24.Qd5e4 g6
25.O-O Ba6b7
26.Qe4h4 Qf6f3
27.Qh4xh6 Kg8
28.Qh6xg6 Kf8
29.Qg6h6 Ke8
30.Qh6h8 Kd7
31.Qh8g7 Kc8
32.Rf1c1 Bb7c6
33.Rc1xc6 Qf3xc6
34.Qg7xe5 a4
35.Qe5c3 Qc6xc3
36.Ne2xc3 { resign }
1-0

[Event "Tourn. n9823"]
[Site "www.echecsemail.com"]
[Date "2018.06.09"]
[Round "1"]
[White "Juheset"]
[Black "Prize64"]
[WhiteElo "2059"]
[BlackElo "2110"]
[Result "0-1"]
[Round "1"]
1.d4 Ng8f6
2.c4 g6
3.g3 Bf8g7
4.Bf1g2 O-O
5.Nb1c3 d6
6.Ng1f3 Nb8c6
7.e3 a6
8.O-O Ra8b8
9.b3 Nc6a5
10.Bc1d2 c5
 { time }
0-1

[Event "Match"]
[Site "www.echecsemail.com"]
[Date "2018.06.09"]
[Round "1"]
[White "Enting"]
[Black "Biggles"]
[WhiteElo "1809"]
[BlackElo "2110"]
[Result "0-1"]
[Round "1"]
1.d4 d5
2.Bc1f4 Ng8f6
3.Nb1c3 Bc8f5
4.Nc3b5 Nb8a6
5.c3 c6
6.Nb5a3 e6
7.e3 Bf8d6
8.Bf4xd6 Qd8xd6
9.Ng1f3 O-O
10.Nf3e5 c5
11.Na3b5 Qd6b6
12.dxc5 Na6xc5
13.b4 Nc5d7
14.Nb5d4 Nd7xe5
15.h3 Nf6e4
16.Nd4xf5 exf5
17.Qd1xd5 Qb6f6
18.Qd5xb7 Ne5d3
19.Bf1xd3 Qf6xc3
20.Ke2 Qc3d2
21.Kf3 Qd2xf2

0-1

[Event "Tourn. n9819"]
[Site "www.echecsemail.com"]
[Date "2018.06.09"]
[Round "1"]
[White "Fabos12"]
[Black "Claudia"]
[WhiteElo "1920"]
[BlackElo "1960"]
[Result "1-0"]
[Round "1"]
1.d4 Ng8f6
2.Ng1f3 g6
3.c4 Bf8g7
4.Nb1c3 O-O
5.h4 h5
6.e4 d6
7.Bf1d3 Nb8d7
8.Qd1c2 e5
9.d5 Nd7c5
10.Bd3e2 a5
11.a3 Bc8g4
12.Nf3g5 Bg4xe2
{ time. }
1-0

[Event "Tourn. n9823"]
[Site "www.echecsemail.com"]
[Date "2018.06.09"]
[Round "1"]
[White "Liencam2"]
[Black "Orhany24"]
[WhiteElo "2290"]
[BlackElo "2160"]
[Result "1-0"]
[Round "1"]
1.e4 e5
2.Ng1f3 Nb8c6
3.d4 exd4
4.c3 d5
5.exd5 Qd8xd5
6.cxd4 Ng8f6
7.Nb1c3 Qd5d8
8.Bf1c4 Bf8d6
9.Bc1g5 O-O
10.O-O Bc8g4
11.Nc3d5 Bd6e7
12.Nd5xe7 Qd8xe7
13.Qd1d3 h6
14.Bg5h4 Qe7e4
15.Qd3xe4 Nf6xe4
16.Nf3e5 Nc6xe5
17.dxe5 Ne4d2
18.Rf1c1 g5
19.Bh4g3 Nd2xc4
20.Rc1xc4 Bg4e6
21.Rc4xc7 b6
22.b3 Rf8c8
23.Ra1c1 Kg7
24.f4 gxf4
25.Bg3xf4 Kg6
26.h3 Rc8xc7
27.Rc1xc7 { resign }
1-0

[Event "Match"]
[Site "www.echecsemail.com"]
[Date "2018.06.09"]
[Round "1"]
[White "Juheset"]
[Black "Gambitmiau"]
[WhiteElo "1809"]
[BlackElo "1960"]
[Result "1-0"]
[Round "1"]
1.e4 Nb8c6
2.Bf1c4 e6
3.d4 d5
4.exd5 exd5
5.Bc4e2 Ng8f6
6.Ng1f3 Bc8g4
7.Nf3g5 Bf8e7
8.Be2xg4 Nf6xg4
9.Qd1xg4 h6
10.Ng5f3 g6
11.O-O h5
12.Qg4f4 Be7d6
13.Rf1e1 Nc6e7
14.Qf4h4 Qd8d7
15.Nb1c3 O-O-O
16.Bc1g5 Rh8e8
17.Nf3e5 Qd7e6
18.Ne5c6 Bd6xh2
19.Kxh2 Qe6xc6
20.Bg5xe7 Rd8d7
21.Be7g5 Rd7d6
22.Re1xe8 Qc6xe8
23.f3 Qe8c6
24.Ra1e1 f6
25.Bg5f4 g5
26.Bf4xg5 fxg5
27.Qh4xg5 b6
28.Kg1 Qc6d7
29.Qg5xh5 Kb7
30.Re1e5 c6
31.Qh5h4 Ka6
32.b4 b5
33.a4 bxa4
34.Nc3xa4 Kb5
35.Na4c5 Qd7c7
36.c4 Kb6
37.Nc5e6 a5
38.Ne6xc7 { resign }
1-0

[Event "Match"]
[Site "www.echecsemail.com"]
[Date "2018.06.09"]
[Round "1"]
[White "Tonino1"]
[Black "Gidgud"]
[WhiteElo "2200"]
[BlackElo "1809"]
[Result "1/2-1/2"]
[Round "1"]
1.d4 Ng8f6
2.g4 Nf6xg4
3.e4 Ng4f6
4.Bf1d3 d6
5.h3 b6
6.Qd1e2 Bc8b7
7.f3 e5
8.d5 Nb8d7
9.Bc1e3 Bf8e7
10.Nb1d2 Nf6h5
11.Qe2h2 Be7h4
12.Be3f2 Qd8g5
13.Ng1e2 Bh4xf2
14.Qh2xf2 O-O
15.Rh1g1 Qg5e7
16.O-O-O a6
17.Nd2f1 Nd7c5
18.Nf1e3 Nc5xd3
19.Rd1xd3 Bb7c8
20.h4 a5
21.Ne3f5 Bc8xf5
22.exf5 Nh5f4
23.Ne2xf4 exf4
24.Qf2d4 Qe7e5
25.Qd4xe5 dxe5
26.f6 g6
27.d6 cxd6
28.Rd3xd6 Rf8e8
29.Rd6xb6 Re8e6
30.Rb6b5 Re6xf6
31.Rb5xe5 Rf6e6
32.Rg1g5 Re6xe5
33.Rg5xe5 f6
34.Re5e4 g5
35.Kd1 Kf7
36.Ke1 Ra8b8
37.b3 Rb8b4
38.c4 a4
39.c5 Rb4xe4
40.fxe4 axb3
41.axb3 gxh4
42.Kf2 Ke7
43.b4 Kd7
44.b5 Kc7
45.Kg2 h6
46.Kf3 h3
47.Kf2 h5
48.Kf3 h4
49.Kf2 Kb7
50.Kf3 Kc7
51.Kf2 Kb7
52.Kf3 Kc7
53.Kf2 Kb7
54.Kf3 Kc7
55.Kf2 Kb7
56.Kf3 Kc7
57.Kf2 Kb7
58.Kf3 Kc7
59.Kf2 Kb7
60.Kf3 Kc7

1/2-1/2

[Event "Fast Game"]
[Site "www.echecsemail.com"]
[Date "2018.06.09"]
[Round "1"]
[White "Juheset"]
[Black "Tonino1"]
[WhiteElo "1749"]
[BlackElo "1900"]
[Result "0-1"]
[Round "1"]
1.f4 d6
2.e4 c6
3.Ng1f3 Qd8c7
4.d4 Bc8g4
5.h3 Bg4xf3
6.Qd1xf3 Nb8d7
7.Bf1e2 e5
8.fxe5 dxe5
9.c3 Ng8f6
10.dxe5 Qc7xe5
11.Nb1d2 Nd7b6
12.O-O Bf8d6
13.g3 Qe5xg3
14.Qf3xg3 Bd6xg3
15.Nd2f3 Nf6xe4
16.Nf3d4 O-O
17.Nd4f5 Bg3c7
18.Be2f3 Ne4f6
19.Kh1 Rf8e8
20.Rf1g1 g6
21.Bc1h6 Re8e5
22.Nf5h4 Ra8e8
23.Bh6f4 Re5e7
24.Bf4g5 Nb6d7
25.Ra1f1 Bc7b6
26.Bg5xf6 Nd7xf6
 { time }
0-1

[Event "Fast Game"]
[Site "www.echecsemail.com"]
[Date "2018.06.09"]
[Round "1"]
[White "Stevep84"]
[Black "Tonino1"]
[WhiteElo "2060"]
[BlackElo "1900"]
[Result "1-0"]
[Round "1"]
1.e4 d6
2.d4 Ng8f6
3.Nb1c3 c6
4.f4 Bc8g4
5.Ng1f3 Qd8c7
6.Bf1e2 g6
7.Bc1e3 Bf8g7
8.e5 dxe5
9.fxe5 Nf6d5
10.Qd1d2 Nd5xe3
11.Qd2xe3 e6
12.h3 Bg4xf3
13.gxf3 Nb8d7
14.Qe3g5 Qc7d8
15.Qg5g4 h5
16.Qg4e4 O-O
17.O-O-O Qd8c7
18.Rh1g1 a6
19.f4 c5
20.Qe4g2 cxd4
21.Rd1xd4 Nd7b6
22.Be2xh5 Ra8d8
23.Rd4xd8 Rf8xd8
24.Nc3e4 Nb6d5
25.Qg2g5 Nd5e3
26.c3 Ne3f5
27.Bh5g4 Bg7h6
28.Qg5f6 Bh6xf4
29.Kc2 Qc7xe5
30.Qf6xd8 Kg7
31.Bg4xf5 exf5
32.Ne4g5 Qe5e2
33.Kb1 Qe2e3
34.Qd8d4  { time }
1-0

[Event "Fast Game"]
[Site "www.echecsemail.com"]
[Date "2018.06.09"]
[Round "1"]
[White "Enting"]
[Black "Dougbeer"]
[WhiteElo "1599"]
[BlackElo "1889"]
[Result "0-1"]
[Round "1"]
1.e4 e6
2.d4 d5
3.e5 c5
4.c3 Nb8c6
5.Ng1f3 Bc8d7
6.g3 f6
7.Bf1g2 fxe5
8.Nf3xe5 Nc6xe5
9.dxe5 Qd8c7
10.f4 O-O-O
11.Bg2xd5 exd5
12.Qd1xd5 Ng8h6
13.Nb1a3 Bd7h3
14.Na3b5 Rd8xd5
15.Nb5xc7 Kxc7
16.c4 Rd5d4
17.b3 Bf8e7
18.Bc1b2 Rd4e4
19.Kf2 Nh6g4
20.Kf3 Re4e3
{ resign }
0-1

[Event "Tourn. n9799"]
[Site "www.chess-mail.com"]
[Date "2018.06.10"]
[Round "1"]
[White "Amaya"]
[Black "Bojan"]
[WhiteElo "2160"]
[BlackElo "2010"]
[Result "1-0"]
[Round "1"]
1.d4 g6
2.e3 Bf8g7
3.Bf1d3 c6
4.Nb1d2 d5
5.f4 e6
6.Ng1f3 Nb8d7
7.O-O f5
8.Nf3e5 Ng8f6
9.c3 Nf6e4
10.Qd1e1 Qd8e7
11.c4 c5
12.cxd5 exd5
13.Nd2xe4 fxe4
14.Bd3b5 cxd4
15.exd4 a6
16.Bb5a4 b5
17.Ba4b3 Nd7b6
18.Qe1a5 Qe7d6
19.Bc1e3 O-O
20.Ra1c1 Bc8b7
21.Qa5e1 a5
22.Qe1e2 Nb6c4
23.Bb3xc4 bxc4
24.Rc1c3 a4
25.b3 axb3
26.axb3 Ra8a3
27.Rf1b1 cxb3
28.Rc3xb3 Bb7a6
29.Qe2g4 Ra3xb3
30.Rb1xb3 Bg7xe5
31.dxe5 Qd6xe5
32.Rb3b1 Qe5d6
33.Rb1b6 Ba6c8
34.Rb6xd6 Bc8xg4
35.Rd6xd5 Kf7
36.Rd5b5 h5
37.Rb5b7 Ke6
38.Rb7b6 Kf5
39.Kf2 Rf8f6
40.Rb6b5 Ke6
41.Rb5e5 Kd6
42.Re5xe4 Rf6f5
43.h3 Bg4xh3
44.gxh3 Rf5f7
45.Kg3 Kd5
46.Re4d4 Ke6
47.Rd4c4 Kd5
48.Rc4a4 Rf7e7
49.Kf3 Re7f7
50.h4 Ke6
51.Ra4a5 Rf7b7
52.Ra5a6 Kf5
53.Ra6b6 Rb7d7
54.Rb6b5 Ke6
55.Ke4 Rd7d6
56.Rb5b6 Rd6xb6
57.Be3xb6 { resign }
1-0

[Event "Tourn. n9761"]
[Site "www.chess-mail.com"]
[Date "2018.06.10"]
[Round "1"]
[White "Dussek"]
[Black "Passaroa25"]
[WhiteElo "1670"]
[BlackElo "1570"]
[Result "1-0"]
[Round "1"]
1.e4 Nb8c6
2.d4 d6
3.c4 e6
4.Ng1f3 h6
5.Nb1c3 Bc8d7
6.Bf1e2 Ng8f6
7.O-O b6
8.Bc1e3 Bf8e7
9.Qd1c2 Nc6b4
10.Qc2d2 c6
11.a3 Nb4a6
12.b4 Nf6g4
13.Be3f4 O-O
14.h3 Ng4f6
15.Bf4h2 g5
16.Be2d3 Kg7
17.b5 Na6c7
18.a4 Rf8h8
19.e5 Nf6e8
20.Bd3e4 f5
21.Be4xc6 Bd7xc6
22.bxc6 a5
23.Nc3b5 d5
24.Nb5xc7 Qd8xc7
25.Qd2c3 Be7b4
26.Qc3c2 Qc7xc6
27.Rf1c1 Ra8c8
28.Qc2b3 Qc6d7
29.cxd5 Qd7xd5
30.Qb3xd5 exd5
31.Rc1xc8 Rh8f8
32.e6 Ne8f6
33.Rc8c7 Kg8
34.Rc7c6 Nf6e4
35.e7 Bb4xe7
36.Rc6xb6 Be7f6
37.Rb6b5 g4
38.hxg4 fxg4
39.Nf3e5 Bf6xe5
40.dxe5 Ne4xf2
41.Rb5xd5 Kg7
42.Rd5xa5 Nf2e4
43.Ra1f1 g3
44.Rf1xf8 gxh2
45.Kxh2 Kg6
46.e6 Ne4f6
47.e7 Kg7
48.Rf8xf6 Kxf6
49.e8Q { resign }
1-0

[Event "Tourn. n9792"]
[Site "www.chess-mail.com"]
[Date "2018.06.10"]
[Round "1"]
[White "Pablincho"]
[Black "Libiesse"]
[WhiteElo "1780"]
[BlackElo "1880"]
[Result "0-1"]
[Round "1"]
1.e4 c5
2.Ng1f3 e6
3.Nb1c3 a6
4.d3 Nb8c6
5.Bf1e2 Qd8c7
6.O-O Ng8f6
7.h3 Bf8e7
8.a3 b5
9.Bc1e3 Bc8b7
10.Nc3a2 O-O
11.Ra1c1 Rf8d8
12.b3 d5
13.c3 Qc7b6
14.Qd1c2 d4
15.Be3d2 e5
16.Rf1e1 Ra8c8
17.c4 b4
18.a4 Rd8d6
19.Nf3h4 g6
20.f4 Nf6xe4
21.Nh4xg6 Rd6xg6
22.dxe4 Be7h4
23.Re1d1 d3
24.Qc2xd3 Nc6d4
25.Be2g4 Rg6xg4
26.hxg4 Qb6g6
27.g5 Bb7xe4
28.Qd3f1 Be4d3
29.f5 Bd3xf5
30.Bd2e3 Bh4xg5
31.Be3xg5 Qg6xg5
32.Rd1e1 f6
33.Rc1d1 Bf5c2
34.Rd1c1 Bc2xb3
35.Qf1f2 Bb3xa4
36.Re1f1 Ba4c6
37.Rc1e1 Nd4f3
38.Qf2xf3 Bc6xf3
39.Rf1xf3 Qg5d2
40.Re1f1 Qd2xa2
41.Rf3xf6 Qa2xc4
42.Rf1f5 e4
43.Rf6d6 Rc8c7
44.Rf5g5 Kf7
45.Rg5f5 Kg7
46.Rf5g5 Kf7
47.Rd6h6 Qc4c1
{ resign }
0-1

[Event "Tourn. n9754"]
[Site "www.chess-mail.com"]
[Date "2018.06.10"]
[Round "1"]
[White "Coolant"]
[Black "Prize64"]
[WhiteElo "2280"]
[BlackElo "2140"]
[Result "1-0"]
[Round "1"]
1.Nb1c3 c5
2.Ng1f3 d5
3.d4 Ng8f6
4.Bc1g5 e6
5.e4 dxe4
6.Bf1b5 Bc8d7
7.Bb5xd7 Nb8xd7
8.Nc3xe4 Bf8e7
9.Ne4xc5 Nd7xc5
10.dxc5 Qd8a5
11.c3 Qa5xc5
12.O-O O-O
13.Qd1e2 Ra8d8
14.Rf1d1 h6
15.Bg5e3 Qc5a5
16.a3 Nf6d5
17.Be3d4 Be7f6
18.Bd4xf6 Nd5xf6
19.Rd1d4 Rd8xd4
20.Nf3xd4 Qa5d5
21.Ra1e1 Rf8d8
22.f4 a6
23.Kf2 b5
24.h3 Rd8b8
25.Qe2e5 Qd5xe5
26.Re1xe5 Nf6d7
27.Re5h5 Nd7f6
28.Rh5e5 Nf6d7
29.Re5e2 Nd7f6
30.Kf3 Nf6d5
31.f5 exf5
32.Nd4xf5 Kf8
33.Re2d2 Nd5e7
34.Nf5d6 Rb8d8
35.Ke4 Ne7c8
36.Ke5 g6
37.Rd2d4 Nc8e7
38.Kf6 Ne7g8
39.Ke5 Ng8e7
40.Rd4f4 Ne7c6
41.Kd5 Nc6e7
42.Kc5 f5
43.Rf4d4 Rd8d7
44.Kb6 Rd7xd6
45.Rd4xd6 Ne7c8
46.Kc7 Nc8xd6
47.Kxd6 Kf7
48.Ke5 Ke7
49.b3 a5
50.c4 bxc4
51.bxc4 h5
52.h4 Kd7
53.Kf6 { resign }
1-0

[Event "Tourn. n9842"]
[Site "www.echecsemail.com"]
[Date "2018.06.10"]
[Round "1"]
[White "Juheset"]
[Black "Bojan"]
[WhiteElo "2030"]
[BlackElo "2000"]
[Result "0-1"]
[Round "1"]
1.Ng1f3 g6
2.e4 Bf8g7
3.c3 b6
4.d4 Bc8b7
5.Bf1d3 d5
6.e5 Qd8d7
7.Bc1e3 Ng8h6
8.h3 Nh6f5
9.Be3g5 Qd7e6
10.g4 Nf5d6
 { time }
0-1

[Event "Tourn. n9822"]
[Site "www.echecsemail.com"]
[Date "2018.06.10"]
[Round "1"]
[White "Iko"]
[Black "Reda"]
[WhiteElo "1720"]
[BlackElo "1770"]
[Result "1-0"]
[Round "1"]
1.e4 e5
2.Ng1f3 Nb8c6
3.Bf1b5 f6
4.O-O Nc6e7
5.d4 a6
6.Bb5e2 exd4
7.Nf3xd4 d5
8.Be2f3 c5
9.Nd4b3 dxe4
10.Bf3xe4 Ra8b8
11.Qd1h5 g6
12.Qh5xc5 Ne7f5
13.Qc5a7 Qd8c7
14.Rf1e1 Bf8e7
15.g3 Nf5d6
16.Nb3d4 Bc8h3
17.Re1e3 f5
18.Nd4e6 Qc7c8
19.Re3c3 Rb8a8
20.Rc3xc8 { resign }
1-0

[Event "Match"]
[Site "www.echecsemail.com"]
[Date "2018.06.10"]
[Round "1"]
[White "Guidom"]
[Black "Tonino1"]
[WhiteElo "2140"]
[BlackElo "2220"]
[Result "1/2-1/2"]
[Round "1"]
1.e4 d6
2.d4 Ng8f6
3.Nb1c3 c6
4.Ng1f3 Qd8c7
5.Bc1g5 g6
6.Bf1d3 Bf8g7
7.O-O e5
8.dxe5 dxe5
9.h3 O-O
10.Qd1d2 Bc8e6
11.Bg5h6 Nb8d7
12.Bh6xg7 Kxg7
13.Nf3h4 Ra8d8
14.Qd2e3 b6
15.Ra1d1 Nd7c5
16.f4 Nc5xd3
17.cxd3 Be6c8
18.f5 Nf6h5
19.f6 Nh5xf6
20.Rf1xf6 Kxf6
21.Qe3h6 Bc8a6
22.Rd1f1 Ke7
{ draw }
1/2-1/2